LEADER 00916nam a2200229 i 4500 001 000000155442 003 CaOOAMICUS 005 20061110000000.0 008 061110s1960 it u000 u ita u 013 $a132794 040 $aSeMil$bita 100 1 $aPapini, Giovanni,$d<1881-1956>.$0(OLS)http://semarc/name/1547 245 10$aCittą felice :$bFirenze /$cGiovanni Papini ; a cura di Viola Paszkowski Papini. 260 $aFirenze :$bVallecchi,$c1960. 300 $a207 p., [32] c. di tav. ;$c22 cm. 650 4$aFirenze.$0(OLS)http://semarc/subject/10246 700 1 $aPaszkowski Papini, Viola.$0(OLS)http://semarc/name/59763 850 $aSeMil 852 $aSeMil$W1$xVenegono$y1$m1B V 121$j107275$B107275$CSeMilBibl$Z2$F116652 $81 961 $aRecupero: Altro 996 $6245$aCittą felice :$bFirenze$9(OLS)http://semarc/title/227637 996 $6260$aFirenze :$bVallecchi$9(OLS)http://semarc/publisher/29768 LEADER 01207nam a2200253 i 4500 001 000000191250 003 CaOOAMICUS 005 20181029123357.0 008 100721s2008 it u000 u ita u 013 $a169769 040 $aSeMil$bita 110 2 $aOrdo Virginum.$0(OLS)http://semarc/name/92129 245 13$aLa vergine consacrata nella Cittą e nella Chiesa :$batti dell'Incontro nazionale, Collevalenza (PG), 24-27 agosto 2007. 260 $a[S.l. :$bs.n.],$cstampa 2008$e(Loreto :$fTecnostampa) 300 $a158 p. ;$c21 cm. 500 $aIn testa al front.: Ordo Virginum delle Diocesi che sono in Italia 650 4$aVerginitą consacrata.$0(OLS)http://semarc/subject/17473 650 4$aOrdo Virginum - Incontri nazionali.$0(OLS)http://semarc/subject/13944 850 $aSeMil 852 $aSeMil$W1$xVenegono$y1$m3G III 284/1$j141864$B141864$CSeMilBibl$Z2$F153797 $81 961 $aOmaggio: Delpini mons. Mario 996 $6245$aLa vergine consacrata nella Cittą e nella Chiesa :$batti dell'Incontro nazionale, Collevalenza (PG), 24-27 agosto 2007$9(OLS)http://semarc/title/275577 996 $6260$a[S.l. :$bs.n.]$9(OLS)http://semarc/publisher/29751